Statistics for Repeated Country Borders

Click here to take the quiz!

General Stats

  • This quiz has been taken 264 times
  • The average score is 33 of 50

Answer Stats

ANSWER% Correct
Russia
97%
China
94%
China
94%
France
91%
India
89%
India
89%
Spain
88%
Spain
88%
Germany
87%
Germany
87%
Italy
81%
Switzerland
81%
Switzerland
81%
Switzerland
81%
United States
81%
Canada
80%
Austria
78%
Belgium
77%
Belgium
77%
Netherlands
74%
Bangladesh
70%
Morocco
65%
South Africa
65%
Indonesia
64%
Malaysia
64%
Iran
63%
Ukraine
63%
DR Congo
62%
Argentina
58%
Chile
56%
Angola
55%
Azerbaijan
55%
Azerbaijan
55%
Romania
55%
Armenia
54%
Croatia
54%
Brunei
53%
Mozambique
52%
Bosnia and Herzegovina
51%
Bosnia and Herzegovina
51%
East Timor
49%
Serbia
49%
United Arab Emirates
41%
Oman
40%
Uzbekistan
39%
Uzbekistan
39%
Tajikistan
38%
Tajikistan
38%
Kyrgyzstan
35%
Kyrgyzstan
35%

Score Distribution

Percentile by Number Answered

Percent of People with Each Score

Your Score History

You have not taken this quiz